006420000a22002530004500500002800000650002800028650001400056650002900070650001200099650001100111082001900122518001100141530000600152100002000158100002200178100001900200245005600219020001800275260004500293260000900338041000800347300001600355365001700371 aBibliography p. 203-214 aArtificial intelligence aComputers aMorphology (Linguistics) aGrammar aPanini a006.35bB4691n a980121 aM aBharati, Akshar aChaitanya, Vineet aSangal, Rajeev aNatural language processing; a paninian perspective a81-203-0921-9 aNew DelhibPrentice-Hall of India, India c1995 aEng axviii,220p. aRs. 95.00 IC